The Arab state and neo-liberal globalization : (Record no. 22526)
[ view plain ]
| 000 -LEADER | |
|---|---|
| fixed length control field | 02604cam a2200337 i 4500 |
| 001 - CONTROL NUMBER | |
| control field | 9038749 |
| 003 - CONTROL NUMBER IDENTIFIER | |
| control field | EG-ScBUE |
| 005 - DATE AND TIME OF LATEST TRANSACTION | |
| control field | 20230625123538.0 |
| 008 - FIXED-LENGTH DATA ELEMENTS--GENERAL INFORMATION | |
| fixed length control field | 090225s2009 ua f b f001 0 eng d |
| 020 ## - INTERNATIONAL STANDARD BOOK NUMBER | |
| International Standard Book Number | 9789774163364 |
| 040 ## - CATALOGING SOURCE | |
| Original cataloging agency | UKM |
| Language of cataloging | eng |
| Description conventions | rda |
| Transcribing agency | UKM |
| Modifying agency | BTCTA |
| -- | BAKER |
| -- | YDXCP |
| -- | BWKUK |
| -- | BWK |
| -- | CDX |
| -- | VVC |
| -- | EG-ScBUE |
| 082 04 - DEWEY DECIMAL CLASSIFICATION NUMBER | |
| Classification number | 909.0974927083 |
| Edition number | 22 |
| Item number | ARA |
| 245 04 - TITLE STATEMENT | |
| Title | The Arab state and neo-liberal globalization : |
| Remainder of title | the restructuring of state power in the Middle East / |
| Statement of responsibility, etc | edited by Laura Guazzone and Daniela Pioppi. |
| 264 #1 - PUBLICATION, DISTRIBUTION, ETC. (IMPRINT) | |
| Place of publication, distribution, etc | Cairo ; |
| -- | New York : |
| Name of publisher, distributor, etc | American University Press, |
| Date of publication, distribution, etc | 2009. |
| 300 ## - PHYSICAL DESCRIPTION | |
| Extent | xii, 388 pages ; |
| Dimensions | 23 cm |
| 336 ## - CONTENT TYPE | |
| Source | rdacontent |
| Content type term | text |
| Content type code | txt |
| 337 ## - MEDIA TYPE | |
| Source | rdamedia |
| Media type term | unmediated |
| Media type code | n |
| 338 ## - CARRIER TYPE | |
| Source | rdacarrier |
| Carrier type term | volume |
| Carrier type code | nc |
| 504 ## - BIBLIOGRAPHY, ETC. NOTE | |
| Bibliography, etc | Includes bibliographical references and index.<br/> |
| 505 0# - FORMATTED CONTENTS NOTE | |
| Formatted contents note | Interpretating change in the Arab world / Laura Guazzone and Daniela Pioppi -- Neo-liberal structural adjustment, political demobilization, and neo-authoritarianism in Egypt / Joel Beinin -- An analysis of political change in Lebanon in the light of recent mobilization cycles / Karam Karam -- Saudi Arabia's political demobilization in regional comparison: monarchical tortoise and republican hares / Steffen Hertog -- The political economy of authoritarianism in Egypt: insufficient structural reforms, limited outcomes and a lack of new actors / Ulrich G. Wurzel -- The Lebanese socio-economic system, 1985-2005 / Charbel Nahas -- Globalization and the Saudi economy: gains and losses / Tim Niblock -- Morocco's political economy: ambiguous privatization and the emerging social question / Myriam Catusse -- The security sector in Egypt: management, coercion and external alliance under the dynamics of change / Philippe Droz-Vincent -- The virtual sovereignty of the Lebanese state: from deviant case to ideal-type / Elizabeth Picard -- The Saudi security environment: plus �ca change ... / Paul Aarts and Joris van Duijne -- Security policy and democratic reform in Morocco: between public discourse and reality / Issandr el Amrani -- The Arab state and neo-liberal globalization / Karen Aggestam ... [et al.] |
| 650 #7 - SUBJECT ADDED ENTRY--TOPICAL TERM | |
| Topical term or geographic name as entry element | Islam and politics |
| Geographic subdivision | Arab countries. |
| Source of heading or term | BUEsh |
| 9 (RLIN) | 41473 |
| 650 #7 - SUBJECT ADDED ENTRY--TOPICAL TERM | |
| Topical term or geographic name as entry element | Globalization. |
| Source of heading or term | BUEsh |
| 9 (RLIN) | 2820 |
| 650 #7 - SUBJECT ADDED ENTRY--TOPICAL TERM | |
| Topical term or geographic name as entry element | Neoliberalism. |
| Source of heading or term | BUEsh |
| 9 (RLIN) | 41474 |
| 651 #7 - SUBJECT ADDED ENTRY--GEOGRAPHIC NAME | |
| Geographic name | Arab countries |
| General subdivision | Politics and government |
| Chronological subdivision | 21st century. |
| Source of heading or term | BUEsh |
| 9 (RLIN) | 28746 |
| 651 #7 - SUBJECT ADDED ENTRY--GEOGRAPHIC NAME | |
| Geographic name | Arab countries |
| General subdivision | Foreign relations. |
| Source of heading or term | BUEsh |
| 9 (RLIN) | 41475 |
| 653 ## - INDEX TERM--UNCONTROLLED | |
| Resource For college | BAEPS, Political Science |
| Arrived date list | October2016 |
| 655 ## - INDEX TERM--GENRE/FORM | |
| Form subdivision | Reading book |
| 700 1# - ADDED ENTRY--PERSONAL NAME | |
| Personal name | Guazzone, Laura, |
| Relator term | editor. |
| 700 1# - ADDED ENTRY--PERSONAL NAME | |
| Personal name | Pioppi, Daniela, |
| Relator term | editor. |
| 942 ## - ADDED ENTRY ELEMENTS (KOHA) | |
| Source of classification or shelving scheme | Dewey Decimal Classification |
| Koha item type | Book - Borrowing |
| Withdrawn status | Lost status | Source of classification or shelving scheme | Damaged status | Not for loan | Collection code | Home library | Current library | Shelving location | Date acquired | Source of acquisition | Cost, normal purchase price | Total Checkouts | Total Renewals | Full call number | Barcode | Date last seen | Date checked out | Cost, replacement price | Price effective from | Koha item type |
|---|---|---|---|---|---|---|---|---|---|---|---|---|---|---|---|---|---|---|---|---|
| Dewey Decimal Classification | AUC | Central Library | Central Library | Second Floor | 12/10/2016 | Purchase | 120.00 | 1 | 7 | 909.0974927083 ARA | 000034025 | 15/07/2025 | 17/12/2018 | 150.00 | 12/10/2016 | Book - Borrowing |